000 00374nam a2200157Ia 4500
003 0STCL
008 150530s9999 xx 000 0 und d
040 _aSTCL
_cSTCL
100 _aDavin; Editor
245 _aEnglish short stories of today
260 _bOxford University press
_c1975
546 _aEnglish
942 _2ddc
_cBK
999 _c58375
_d58375
005 20220125171046.0